00856 2200301 4500001002100000005001500021035002500036007000300061008004100064020002200105040001700127082001400144084001600158090002100174090002200195100003400217245008000251260003700331300003800368650001200406700001600418850001200434999002200446990002100468990002200489990002200511990002100533INLIS00000000001928020200618120219 a0010-041600000000284ta160415s2015 yoia g ind d a978-602-7820-22-7 aYOPDYOGbind04223a028.5 a028.5 MOH m aDEP 028.5 MOH m aCB-D.11 2015-23050 aMohammad Fauzil Adhim,d1972-00aMembuat anak gila membaca /cMohammad Fauzil Adhim ; penyunting, Z. Saputro3 aYogyakarta :bPro-U Media,c2015 a281 halaman :bilustrasi ;c21 cm 4aMembaca0 aSaputro, Z. aYOPDYOG aCB-D.11/2015-2305 a1039-RBM/PD.A.16 aCB-D.11/2015-2305 aCB-D.11/2015-2305 a1039-RBM/PD.A.16